• 首页
  • 本馆介绍
  • 公告通知
  • 最新文献
  • 馆藏检索
  • 电子资源
  • 读者荐购
  • 参考咨询
  • CALIS
  • 我的图书馆
  • 登录
  • 详细信息显示
  • 放入我的书架
  • 预约/预借图书
  • 作者相关作品
  • 分类相关作品
  • 丛书相关作品
  • 出版社相关作品

书目信息

  • 表格格式
  • 工作单格式
  • 卡片格式
题名:
新编初当会计一本通
    
 
作者: 雅雯 编著
分册:  
出版信息: 北京   蓝天出版社  2005.06
页数: 11, 319页
开本: 20cm
丛书名:
单 册:
中图分类: F23
科图分类:
主题词: 会计--kuai ji--基本知识
电子资源:
ISBN: 7-80158-332-9
 
 
 
 
 
000 00828nam0 2200241 450
001 012006186100
005 20060701093138.93
010    @a7-80158-332-9@dCNY20.00
100    @a20060609d2005 km y0chiy0120 ea
101 0  @achi
102    @aCN@b110000
105    @ay z 000yy
200 1  @a新编初当会计一本通@Axin bian chu dang kuai ji yi ben tong@f雅雯编著@Fya wen bian zhu
210    @a北京@c蓝天出版社@d2005.06
215    @a11, 319页@d20cm
300    @a据新会计法及财政部最新会计制度与准则编写
330    @a本书以会计实务的基本要素为基础,系统地对会计人员应掌握的货币资金、应收帐款、投资、负债、固定资产、费用及利润等知识进行介绍。
333    @a初级会计出纳必备手册
606 0  @a会计@Akuai ji@x基本知识
690    @aF23@v4
701  0 @a雅雯@Aya wen@4编著
801  0 @aCN@bQSSK@c20060701
905    @a10447@dF23@eY016
    
    新编初当会计一本通/雅雯编著.-北京:蓝天出版社,2005.06
    11, 319页;20cm
    据新会计法及财政部最新会计制度与准则编写.-使用对象:初级会计出纳必备手册
    
    ISBN 7-80158-332-9:CNY20.00
    本书以会计实务的基本要素为基础,系统地对会计人员应掌握的货币资金、应收帐款、投资、负债、固定资产、费用及利润等知识进行介绍。
●
相关链接 在E读中查询图书 在当当中查询图书 在豆瓣中查询图书


正题名:新编初当会计一本通     索取号:F23/Y016         预约/预借

序号 登录号 条形码 馆藏地/架位号 状态 备注
1 581769   205817696   社科库409/409社科库 74排2列3层/ [索取号:F23/Y016] 在馆    
2 581770   205817703   社科库409/409社科库 74排2列2层/ [索取号:F23/Y016] 在馆    
3 581771   205817712   社科库409/ [索取号:F23/Y016] 在馆    
河南城建学院图书馆 欢迎您!
大连网信软件有限公司© 版权所有